Top 5 Songs On Got To Be There (Michael Jackson) - Statistics

General Stats
  • This quiz has been taken 7 times
  • The average score is 4 of 5
Answer Stats
Hint Answer % Correct
29,348,602 Got To Be There
100%
53,971,881 Rockin' Robin
100%
26,244,077 Ain't No Sunshine
83%
24,028,671 I Wanna Be Where You Are
83%
3,150,012 You've Got A Friend
67%
No matching quizzes found
Score Distribution
Percent of People with Each Score
Percentile by Number Answered
Your Score History
You have not taken this quiz